Generations Inc (Record no. 94639)

MARC details
000 -LEADER
fixed length control field 00611nam a2200217Ia 4500
005 - DATE AND TIME OF LATEST TRANSACTION
control field 20230328170951.0
008 - FIXED-LENGTH DATA ELEMENTS--GENERAL INFORMATION
fixed length control field 230125s9999 xx 000 0 und d
020 ## - INTERNATIONAL STANDARD BOOK NUMBER
International Standard Book Number 9780814415733
041 ## - LANGUAGE CODE
Language code of text/sound track or separate title eng
082 ## - DEWEY DECIMAL CLASSIFICATION NUMBER
Classification number 658
Item number JOH
100 ## - MAIN ENTRY--PERSONAL NAME
Author Johnson M
245 ## - TITLE STATEMENT
Title Generations Inc
Remainder of title From Boomers to linksters managing the friction Between Generations at Work
260 ## - PUBLICATION, DISTRIBUTION, ETC.
Date of publication, distribution, etc. 2010
Name of publisher, distributor, etc. Amacom
Place of publication, distribution, etc. New York
300 ## - PHYSICAL DESCRIPTION
Extent 258p
500 ## - GENERAL NOTE
Keywords General Management
650 ## - SUBJECT ADDED ENTRY--TOPICAL TERM
Topical term or geographic name entry element General Management
700 ## - ADDED ENTRY--PERSONAL NAME
Personal name Johnson M & Johnson L
942 ## - ADDED ENTRY ELEMENTS (KOHA)
Koha item type Books
906 ## - LOCAL DATA ELEMENT F, LDF (RLIN)
b 215.45
Holdings
Withdrawn status Lost status Damaged status Not for loan Home library Current library Date acquired Vendor Net Price Bill number Total Checkouts Full call number Barcode Date last seen Actual Price Bill Date Koha item type Original Barcode
        Smt. Hiraben Nanavati Institute of Management & Research for Women Smt. Hiraben Nanavati Institute of Management & Research for Women 27/02/2017 Suyog Enterprises 695.00 SE/SI3761   658 JOH B15419 HIMR-BK-15419 25/01/2023 479.55 22/02/2017 Books B15419